| 000 | 01467nam0a22002771 4500 | ||
|---|---|---|---|
| 001 | rc\3316706 | ||
| 005 | 20260407075248.0 | ||
| 021 |
_aRU _b[73-14842] |
||
| 035 | _a(NLR Aleph) 007506944 | ||
| 090 |
_a7683640 _c7683640 |
||
| 100 | _a20130115d1973 u y0rusy50 ca | ||
| 101 | 0 | _arus | |
| 102 | _aRU | ||
| 105 | _aa z ||||| | ||
| 200 | 1 |
_aИз опыта работы в трехлетней начальной школе _eРус. яз. и математика _e[Сборник статей] _fПод ред. М.С. Васильевой [и др.] _gНауч.-исслед. ин-т содерж. и методов обучения Акад. пед. наук СССР |
|
| 210 |
_aМосква _cПедагогика _d1973 |
||
| 215 |
_a142 с. _cчерт. _d21 |
||
| 606 |
_aМатематика _xМетодика преподавания в начальной школе _jСборники _2psbo |
||
| 606 |
_aРусский язык _xМетодика преподавания в начальной школе _jСборники _2psbo |
||
| 702 | 1 |
_4340 _7ca _8rus _aВасильева _bМ. С. _cканд. пед. наук, методики преподавания _gМария Сергеевна _92693702 _3RU\NLR\AUTH\770288952 |
|
| 712 | 0 | 2 |
_aНИИ содержания и методов обучения _cМосква _9279759 _3RU\NLR\AUTH\884181 |
| 801 | 0 |
_aRU _bNLR _gpsbo |
|
| 801 | 1 |
_aRU _bELAR _2rusmarc |
|
| 852 |
_aNLR _j73-5/194 |
||
| 942 | _cBOOK | ||
| 980 | _aNB | ||